Kill Bill - SZA (lyrics/paroles) - Statistiques

Statistiques générales
  • Ce quiz a été pris 292 fois
  • Le résultat moyen est 204 sur 335
Statistiques - réponses
Réponse % Correct
I
99%
kill
96%
ex
94%
my
93%
the
93%
The
93%
be
92%
no
92%
a
88%
idea
88%
best
86%
not
84%
Not
84%
girlfriend
83%
might
81%
you
79%
You
79%
her
76%
His
76%
his
76%
love
76%
so
75%
I'm
74%
new
73%
next
73%
just
72%
get
71%
mature
70%
still
70%
to
68%
in
67%
alone
66%
here
66%
jail
64%
on
64%
though
62%
me
62%
Rather
62%
though
62%
him
60%
than
60%
if
59%
If
59%
one
59%
want
58%
can't
57%
have
57%
therapist
55%
it
53%
don't
52%
Don't
52%
tell
51%
girlfriend's
49%
should
48%
even
47%
fan
46%
got
46%
was
46%
happy
44%
salty
43%
How'd
42%
how'd
42%
men
42%
did
41%
see
41%
hell
40%
killed
40%
Killed
40%
know
39%
that
39%
Hate
38%
is
38%
there's
38%
other
37%
This
37%
this
37%
of
36%
with
36%
for
35%
your
35%
all
33%
none
33%
drivin'
32%
lost
31%
cause
30%
really
30%
sober
28%
it's
26%
Now
26%
sense
26%
but
25%
some
25%
drugs
24%
damn
23%
out
23%
will
23%
us
22%
you're
22%
gon'
21%
reach
19%
text
18%
perfect
16%
at
15%
evidence
15%
kill
15%
beat
14%
peach
14%
try
14%
broad
13%
basement
12%
market
11%
ration
10%
crime
9%
over
9%
passion
9%
farmer's
8%
home
8%
murders
8%
or
8%
invasion
7%
plannin'
7%
face-down
5%
singin'
5%
layin'
4%
Aucun quiz correspondant
Distribution des résultats
% des personnes avec chaque résultat
Percentile par nombre de réponses
Votre historique - résultats
Vous n’avez pas pris ce quiz